000 00341nam a2200133Ia 4500
008 240624s9999 xx 000 0 und d
041 _aeng
082 _a339 GOY
100 _aGOYAL ASHIMA
245 _aDEVELOPING ECONOMY MACROECONOMICS
260 _c1999
_aNew Delhi
_bAllied Publishers
300 _axvii, : 298p. ; 25cm.
365 _cRS
_b25
999 _c4297
_d4297